Normal view
MARC view
- Dr. Shafiq -ur- Rehman Qureshi
Entry Personal Name
001 - CONTROL NUMBER
- control field: 29678
003 - CONTROL NUMBER IDENTIFIER
- control field: NUST
005 - DATE AND TIME OF LATEST TRANSACTION
- control field: 20200901100530.0
008 - FIXED-LENGTH DATA ELEMENTS
- fixed length control field: 200901|| aca||aabn | a|a d
040 ## - CATALOGING SOURCE
- Original cataloging agency: NUST
- Transcribing agency: NUST
100 ## - HEADING--PERSONAL NAME
- Personal name: Dr. Shafiq -ur- Rehman Qureshi
670 ## - SOURCE DATA FOUND
- Source citation: Work cat.: (NUST): Ahmed, Hassan 29677, CFD and Heat Transfer Analysis of Dimpled Plate Heat Exchange /, 2015.
